000 01154nam a2200361 a 4500
001 000036101
003 DO-SdBNP
005 20180213125810.0
007 000036101
008 111209s2014 dr a 000 0dspa d
020 _a9789945080199
040 _aBPMSU
_bspa
_cBPMSU
092 _a759.7293
_bC278o
100 _4Castillo, Efraim
245 0 0 _aOviedo :
_bel esplendor del mural /
_cEfraim Castillo ; prólogo Ramón Oviedo.
246 _aEl esplendor del mural
260 _aSanto Domingo :
_bCentro Cultural de España,
_c2004.
300 _a173 p. ;
_bil.
_c24 cm.
504 _aIncluye notas al pie de las páginas
600 1 4 _aOVIEDO, RAMÓN,
_d1924-
_xCRÍTICA E INTERPRETACIÓN
650 4 _aPINTORES DOMINICANOS
650 4 _aARTE DOMINICANO
_xEXPOSICIONES
650 4 _aPINTURA DOMINICANA
_xEXPOSICIONES
710 2 _aFundación Ramón Oviedo
910 _aValidado. Control de calidad EMS
930 1 _l
_m
_h
_8
_f
_p
_g
942 _2ddc
_cBK
945 _aInvetariado / 2018 VM
956 _a
_b
_c
_l
_h
956 _a
_b
_c
_l
_h
956 _a
_b
_c
_l
_h
956 _aVMATEO
_b10
_c20150925
_lBPMSU
_h00151
999 _c8292
_d8292